Avaliação e caracterização de áreas de preservação permanente no Campus da UFRB, Cruz das Almas, Bahia (Registro n. 331550)
[ somente texto ]
| 000 -LÍDER | |
|---|---|
| fixed length control field | 04453nab a2200277 i 4500 |
| 003 - CÓDIGO MARC DA AGÊNCIA CATALOGADORA | |
| Campo de controle | BR-BrBNA |
| 005 - DATA E HORA DA ÚLTIMA ATUALIZAÇÃO | |
| Campo de controle | 20250516151757.0 |
| 008 - CAMPO DE TAMANHO FIXO | |
| fixed length control field | 250516b2017 bl.qr|pooa||| 00| 0 por | |
| 040 ## - FONTE DA CATALOGAÇÃO | |
| Agência catalogadora | BR-BrBNA |
| Idioma da catalogação | por |
| 072 ## - CATEGORIA AGRIS | |
| Código AGRIS | P01 |
| 100 ## - ENTRADA PRINCIPAL - NOME PESSOAL | |
| Nome pessoal | Alexandrino, Ricardo Vieira |
| 100 ## - ENTRADA PRINCIPAL - NOME PESSOAL | |
| Nome pessoal | Caiafa, Alessandra Nasser |
| 245 ## - TÍTULO PRINCIPAL | |
| Título principal | Avaliação e caracterização de áreas de preservação permanente no Campus da UFRB, Cruz das Almas, Bahia |
| 500 ## - NOTA GERAL | |
| Nota geral | <br/><br/>Publicação online; 29 ref.; 4 illus.; Summaries (En, Pt) |
| 942 ## - ADDED ENTRY ELEMENTS (KOHA) | |
| Koha item type | Analítica |
| 520 ## - NOTA DE RESUMO | |
| Nota de conteúdo | <br/><br/><br/>Resumo: As florestas e demais formações vegetacionais nativas do país são um bem de interesse comum a todos os habitantes e possibilita o exercício do direito de propriedade e de sua utilização. As Áreas de Preservação Permanente incluem todas as formas de vegetação nativas situadas nas margens de corpos d’água, localizadas em topos de morro e encostas íngremes com declividade superior a 45 º. Esse estudo buscou avaliar, identificar e caracterizar as áreas de preservação permanente no entorno das nascentes do Campus da Universidade Federal do Recôncavo da Bahia - Cruz das Almas. As áreas próximas às nascentes foram caracterizadas e avaliadas com base nas características e na fragilidade da paisagem, sendo observados a origem e grau de conservação das nascentes; o estágio de regeneração da vegetação ciliar; uso e ocupação das áreas, bem como qualquer outra alteração antrópica. De um total de 43 nascentes avaliadas, 16 foram classificadas como pontuais e 27 difusas. Já segundo seu estado de conservação, foram encontradas duas preservadas, sete perturbadas e 34 degradadas. Entre as maiores perturbações estão a presença das plantas invasoras, presença de animais domésticos e o lixo. Em 76,7%das áreas do entorno das nascentes, no que tange ao seu estagio de regeneração, não se enquadram nas definições da legislação vigente e os pequenos fragmentos existentes são perturbados e encontram-se isolados, o que aponta a necessidade de um plano de restauração e gestão dessas áreas. <br/><br/><br/>Palavras-chave: Nascentes, Código Florestal, Recôncavo Sul Baiano |
| 520 ## - NOTA DE RESUMO | |
| Nota de conteúdo | <br/><br/><br/>Abstract: The forests and other native vegetation formations of the country are a good of common interest to all inhabitants and enable the exercise of the right of ownership and its use.Areas of Permanent Preservation include all forms of native vegetation located on the banks of water bodies, located on hilltops and steep slopes with a declivity greater than 45 º.This study aimed to evaluate, identify and characterize the permanent preservation areas around the sources of the Campus of the Federal University of Recôncavo da Bahia - Cruz das Almas. The areas near the sources were characterized and evaluated based on the characteristics and the fragility of the landscape, being observed the origin and degree of conservation of the sources; the stage of regeneration of ciliary vegetation; use and occupation of the areas, as well as any other anthropogenic changes.In a total of 43 sources evaluated, 16 were classified as punctual and 27 diffuse. According to their state of conservation they were found two preserved, seven disturbed and 34 degraded. Among the major disturbances are the presence of invasive plants, the presence of domestic animals and garbage. In 76,7% of the areas around the sources in terms of their regeneration stage do not fit the definitions of the current legislation and the existing small fragments are disturbed and are isolated, which indicates the need for a plan for restoration and management of these areas. <br/><br/><br/>Keywords: Sources, Forest Code, Reconcavo Region of South Bahia. |
| 650 ## - ASSUNTO - THESAGRO | |
| Cabeçalho tópico ou nome geográfico | VEGETAÇÃO NATIVA |
| 650 ## - ASSUNTO - THESAGRO | |
| Cabeçalho tópico ou nome geográfico | NASCENTE |
| 650 ## - ASSUNTO - THESAGRO | |
| Cabeçalho tópico ou nome geográfico | PROTEÇÃO AMBIENTAL |
| 650 ## - ASSUNTO - THESAGRO | |
| Cabeçalho tópico ou nome geográfico | LEGISLAÇÃO |
| 650 ## - ASSUNTO - THESAGRO | |
| Cabeçalho tópico ou nome geográfico | RECÔNCAVO BAIANO |
| 773 0# - ENTRADA ANALÍTICA | |
| Host Biblionumber | 3583 |
| Registro do item | 350396 |
| Imprenta | Cruz das Almas-BA Universidade Federal da Bahia - Escola de Agronômia 1983 |
| Outro identificador | 2025-3014 |
| Título | Magistra (Brazil) |
| ISSN | 0102-5333 |
| Colação | v. 29(2) p. 215-224; (2017) |
| Número de controle de registro | BR2025002899 |
| 856 ## - ACESSO E ENDEREÇO ELETRÔNICO | |
| Identificador uniforme de recurso - URI | https://periodicos.ufrb.edu.br/index.php/magistra/article/view/4026/2134 |
Nenhum exemplar disponível.

BINAGRI